banner-ar

الحرب والمدينة / (Record no. 66715)

MARC details
000 -الفاتح
حقل البيانات ثابتة الطول 00545nam a2200193Ia 4500
008 - عناصر البيانات ثابتة الطول - معلومات عامة
حقل البيانات ثابتة الطول 140319s9999 xx 000 0 ara d
040 ## - مصدر الفهرسة
وكالة الفهرسة الأصلية GCL /
وكالة النسخ GCL
082 04 - رقم تصنيف ديوى العشرى
رقم التصنيف 355.027
رقم المادة ت ح
100 1# - المدخل الرئيسى - إسم شخصى
الإسم الشخصى محمد انيس (مراجع)
245 10 - بيان العنوان
العنوان الحرب والمدينة /
بيان المسئوليه,etc محمد انيس (مراجع)
700 1# - المدخل الاضافى - اسم شخصى
الإسم الشخصى احمد محمود سليمان
700 1# - المدخل الاضافى - اسم شخصى
الإسم الشخصى تويسنبى، ارنولد
300 ## - الوصف المادى
التعداد 200
490 ## - بيان السلسلة
عنوان السلسلة الالف كتاب
رقم المجلد/ التعيين التسلسلي 0
650 04 - المدخل الاضافى بالموضوع-مصطلح موضوعى
مصطلح موضوعي الاسلحة
650 04 - المدخل الاضافى بالموضوع-مصطلح موضوعى
مصطلح موضوعي الحرب
942 ## - عناصر المدخل الإضافي( كوها)
مصدر التصنيف او مخطط الترفيف Dewey Decimal Classification
Koha [default] item type كتاب
Holdings
حالة التراجع حالة الفقد مصدر التصنيف او خطة الترفيف حالة تلف ليس للاعارة المكان المؤقت الموقع الحالى تاريخ الاكتساب اجمالي اﻻعارات رقم الطلب الباركود تاريخ اخر مشاهدة تاريخ تفعيل السعر نوع وعاء كوها
    ddc     مكتبة القاهرة الكبرى مكتبة القاهرة الكبرى 09/20/2022   355.027\ ت ح 168535 09/20/2022 09/20/2022 كتاب

Powered By

EGPV